The chronicles of Narnia : (Record no. 105792)
[ view plain ]
| 000 -LEADER | |
|---|---|
| fixed length control field | 00408nam a2200133 a 4500 |
| 005 - DATE AND TIME OF LATEST TRANSACTION | |
| control field | 20140412111414.0 |
| 008 - FIXED-LENGTH DATA ELEMENTS--GENERAL INFORMATION | |
| fixed length control field | 070705s19uu xx 00 eng d |
| 020 ## - INTERNATIONAL STANDARD BOOK NUMBER | |
| International Standard Book Number | 0-06-076564x |
| 050 ## - LIBRARY OF CONGRESS CALL NUMBER | |
| Classification number | ER |
| Item number | Ch46 2005 |
| 100 ## - MAIN ENTRY--PERSONAL NAME | |
| Personal name | Driggs, Scout |
| 245 ## - TITLE STATEMENT | |
| Title | The chronicles of Narnia : |
| Remainder of title | The lion, the witch and the wardrobe / |
| Statement of responsibility, etc | Scout Driggs. |
| 260 ## - PUBLICATION, DISTRIBUTION, ETC. (IMPRINT) | |
| Place of publication, distribution, etc | U.S.A : |
| Name of publisher, distributor, etc | Harper kids entertainment, |
| Date of publication, distribution, etc | 2005. |
| Withdrawn status | Lost status | Damaged status | Home library | Current library | Shelving location | Date acquired | Source of acquisition | Total Checkouts | Full call number | Barcode | Date last seen | Price effective from | Koha item type |
|---|---|---|---|---|---|---|---|---|---|---|---|---|---|
| Elizalde Library | Elizalde Library | Easy Reading Section | 07/05/2007 | ER Ch46 2005 | E10686 | 04/12/2014 | 04/12/2014 | Books |